<?xml version="1.0" encoding="UTF-8"?>
<record
    xmlns:xsi="http://www.w3.org/2001/XMLSchema-instance"
    xsi:schemaLocation="http://www.loc.gov/MARC21/slim http://www.loc.gov/standards/marcxml/schema/MARC21slim.xsd"
    xmlns="http://www.loc.gov/MARC21/slim">

  <leader>02676nam a22002777a 4500</leader>
  <controlfield tag="001">113641</controlfield>
  <controlfield tag="003">DR-UNIBE</controlfield>
  <controlfield tag="005">20250516101011.0</controlfield>
  <controlfield tag="008">250516b2025    sp ||||| |||| 00| 0 spa d</controlfield>
  <datafield tag="020" ind1=" " ind2=" ">
    <subfield code="a">9788427732230</subfield>
  </datafield>
  <datafield tag="040" ind1=" " ind2=" ">
    <subfield code="a">BIBLIOTECA UNIBE</subfield>
    <subfield code="c">BIBLIOTECA UNIBE</subfield>
    <subfield code="e">rda</subfield>
  </datafield>
  <datafield tag="041" ind1=" " ind2=" ">
    <subfield code="a">spa</subfield>
  </datafield>
  <datafield tag="082" ind1=" " ind2=" ">
    <subfield code="a">370.7  G212n</subfield>
  </datafield>
  <datafield tag="100" ind1="1" ind2=" ">
    <subfield code="a">G&#xE1;rate Rivera, Alberto</subfield>
    <subfield code="9">195542</subfield>
    <subfield code="e">autor</subfield>
  </datafield>
  <datafield tag="245" ind1="1" ind2="0">
    <subfield code="a">Narrativas sobre la identidad docente : </subfield>
    <subfield code="b">trayectorias vitales del profesorado universitario /</subfield>
    <subfield code="c">Alberto G&#xE1;rate Rivera</subfield>
  </datafield>
  <datafield tag="260" ind1=" " ind2=" ">
    <subfield code="a">Madrid :  </subfield>
    <subfield code="b">Narcea ,</subfield>
    <subfield code="c">2025</subfield>
  </datafield>
  <datafield tag="300" ind1=" " ind2=" ">
    <subfield code="a">151  p&#xE1;ginas</subfield>
  </datafield>
  <datafield tag="490" ind1=" " ind2=" ">
    <subfield code="a">Universitaria</subfield>
  </datafield>
  <datafield tag="505" ind1=" " ind2=" ">
    <subfield code="a">1. El profesor de libros/ Pedro Ortega Ruiz  |

2. La hora de educar en el profesor/ Celestino Fern&#xE1;ndez Barrag&#xE1;n  |

3. La profesora de la justicia y de la educaci&#xF3;n comunitaria/ Raquel Rubio Goldsmith  |

4. La moral del recuerdo en el profesor/ Jos&#xE9; A. Moreno Mena  |

5. Un contador que profesionaliz&#xF3; la docencia universitaria/ Luis F. Oviedo Villavicencio  |

6. El profesor caminante: Los pasos de Miguel &#xC1;. Zabalza Beraza  |
</subfield>
  </datafield>
  <datafield tag="520" ind1=" " ind2=" ">
    <subfield code="a">En este libro se relatan las trayectorias laborales de seis profesores universitarios que ejemplifican, magistralmente, la met&#xE1;fora del pregonero en la transici&#xF3;n de la universidad actual. En su acci&#xF3;n educativa, contaron, compartieron y difundieron informaci&#xF3;n; la trasladaron a los pupitres de sus estudiantes y, en a&#xF1;os recientes, a las presentaciones proyectadas desde una infalible computadora.

Comenzaron narrando la historia y la ciencia, cada uno desde su perspectiva personal, mientras los cambios sociales y culturales los fueron conduciendo a difundir el conocimiento por v&#xED;as que, en los albores de su actividad acad&#xE9;mica, no imaginaron.

&#xBF;Qu&#xE9; fue lo que atesoraron? Las noticias del mundo, el saber mismo o, para expresarlo en una frase: el saber de ellos, de los pregoneros modernos que transformaron las plazas p&#xFA;blicas y las tabernas del viejo Oeste en salones de clases universitarios. Tom Hanks, encarnando a un veterano de la Guerra de Secesi&#xF3;n en Las noticias del gran mundo (2020), honr&#xF3; el arte de pregonar. A su vez, los profesores de estas historias honraron la profesi&#xF3;n que eligieron.

Estas historias singulares nos muestran c&#xF3;mo, incluso en tiempos de posmodernidad y globalizaci&#xF3;n, de estandarizaci&#xF3;n de modelos educativos y de metodolog&#xED;as de aprendizaje, persiste la microhistoria: ese espacio donde la docencia cobra su verdadero significado. 
</subfield>
  </datafield>
  <datafield tag="650" ind1=" " ind2="7">
    <subfield code="2">lemb</subfield>
    <subfield code="a">Educaci&#xF3;n superior</subfield>
  </datafield>
  <datafield tag="650" ind1=" " ind2="7">
    <subfield code="2">lemb</subfield>
    <subfield code="a">Profesores</subfield>
  </datafield>
  <datafield tag="650" ind1=" " ind2="7">
    <subfield code="2">lemb</subfield>
    <subfield code="a">Docencia</subfield>
    <subfield code="9">97841</subfield>
  </datafield>
  <datafield tag="653" ind1=" " ind2=" ">
    <subfield code="a">Desarrollo profesional docente</subfield>
  </datafield>
  <datafield tag="942" ind1=" " ind2=" ">
    <subfield code="2">ddc</subfield>
    <subfield code="c">BK</subfield>
  </datafield>
  <datafield tag="999" ind1=" " ind2=" ">
    <subfield code="c">113641</subfield>
    <subfield code="d">113641</subfield>
  </datafield>
  <datafield tag="952" ind1=" " ind2=" ">
    <subfield code="0">0</subfield>
    <subfield code="1">0</subfield>
    <subfield code="2">ddc</subfield>
    <subfield code="7">0</subfield>
    <subfield code="8">GEN</subfield>
    <subfield code="a">Principal</subfield>
    <subfield code="d">2025-05-16</subfield>
    <subfield code="l">1</subfield>
    <subfield code="o">370.7  G212n</subfield>
    <subfield code="p">250595</subfield>
    <subfield code="r">2025-05-21 09:12:42</subfield>
    <subfield code="s">2025-05-21</subfield>
    <subfield code="t">Ej. 1</subfield>
    <subfield code="w">2025-05-16</subfield>
    <subfield code="y">BK</subfield>
  </datafield>
</record>
